[Event "San Francisco TNM Summer op"]
[Site "San Francisco"]
[Date "2011.07.12"]
[Round "8"]
[White "Sandberg, Evan"]
[Black "Margulis, Igor"]
[Result "1-0"]
[WhiteElo "2168"]
[BlackElo "2100"]
[PlyCount "105"]
[EventDate "2011.05.24"]
[EventType "swiss"]
[EventRounds "8"]
[EventCountry "USA"]
[SourceTitle "EXT 2016"]
[Source "ChessBase"]
[SourceDate "2015.10.08"]
[SourceVersion "1"]
[SourceVersionDate "2015.10.08"]
[SourceQuality "1"]

1. e4 e5 2. d4 exd4 3. Qxd4 Nc6 4. Qe3 Nf6 5. Nc3 Bb4 6. Bd2 0-0 7. 0-0-0 Qe7 8. Qg3 d6 9. Re1 Be6 10. a3 Ba5 11. b4 Bb6 12. Nd5 Qd8 13. Bg5 Bxd5 14. exd5 Ne5 15. Be2 Ne4 16. Bxd8 Nxg3 17. hxg3 Raxd8 18. f4 Nd7 19. Bd3 g6 20. Nh3 Rfe8 21. Rxe8+ Rxe8 22. Bb5 Re7 23. Bxd7 Rxd7 24. Re1 h6 25. Re8+ Kg7 26. Kd2 c6 27. dxc6 bxc6 28. Rc8 c5 29. c4 d5 30. bxc5 dxc4+ 31. Kc3 Ba5+ 32. Kxc4 Be1 33. Re8 Rd1 34. Re3 Rc1+ 35. Kd5 Ba5 36. Re7 Rd1+ 37. Kc6 a6 38. Kb7 Rd3 39. c6 Rxa3 40. Re5 Bd8 41. Rd5 Rb3+ 42. Kxa6 Rb6+ 43. Ka7 Be7 44. Rd7 Rxc6 45. Kb7 Rc3 46. Rxe7 Rxg3 47. Re2 Kf6 48. Kc6 Kf5 49. Kd5 Rd3+ 50. Kc6 Z0 51. Rf2 Kg4 52. Rf3 Rd2 53. Nf2+ 1-0

[Event "San Francisco TNM Summer op"]
[Site "San Francisco"]
[Date "2011.07.05"]
[Round "7.2"]
[White "Rumph, Todd"]
[Black "Sandberg, Evan"]
[Result "1-0"]
[WhiteElo "2152"]
[BlackElo "2168"]
[PlyCount "97"]
[EventDate "2011.05.24"]
[EventType "swiss"]
[EventRounds "8"]
[EventCountry "USA"]
[SourceTitle "EXT 2024"]
[Source "ChessBase"]
[SourceDate "2023.10.10"]
[SourceVersion "1"]
[SourceVersionDate "2023.10.10"]
[SourceQuality "1"]

1. c4 e5 2. g3 Nc6 3. Nc3 g6 4. Bg2 Bg7 5. e4 d6 6. Nge2 Be6 7. d3 Qd7 8. Nd5 Nd8 9. h4 c6 10. Ne3 Ne7 11. d4 f5 12. d5 Bf7 13. Bh3 0-0 14. 0-0 cxd5 15. cxd5 Be8 16. Bd2 Rc8 17. a4 Qc7 18. Rc1 Qb6 19. Rxc8 Nxc8 20. Qc2 Qa6 21. Re1 f4 22. Qxc8 fxe3 23. Bxe3 Bxa4 24. Nc3 Nf7 25. Qc7 Bf6 26. Be6 Bd8 27. Bxf7+ Kg7 28. Qc8 Bg5 29. Qe6 Bxe3 30. Rxe3 Rxf7 31. Nxa4 Rf6 32. Qd7+ Rf7 33. Qd8 Qxa4 34. Qxd6 Qa1+ 35. Kg2 Qxb2 36. Rf3 Rxf3 37. Kxf3 Qd4 38. Qe7+ Kg8 39. Qe6+ Kg7 40. d6 Qd3+ 41. Kg2 Qxe4+ 42. Kh2 Qd4 43. Kg1 e4 44. Qe7+ Kh6 45. d7 Qd1+ 46. Kh2 Qf3 47. Qg5+ Kg7 48. Qd2 e3 49. fxe3 1-0

[Event "Golden State op 2nd"]
[Site "Concord"]
[Date "2011.01.16"]
[Round "4"]
[White "Shin, Kyle"]
[Black "Sandberg, Evan"]
[Result "1/2-1/2"]
[WhiteElo "2048"]
[BlackElo "2173"]
[PlyCount "52"]
[EventDate "2011.01.14"]
[EventType "swiss"]
[EventRounds "7"]
[EventCountry "USA"]
[SourceTitle "EXT 2012"]
[Source "ChessBase"]
[SourceDate "2011.11.24"]
[SourceVersion "1"]
[SourceVersionDate "2011.11.24"]
[SourceQuality "1"]

1. e4 c5 2. Nf3 Nc6 3. Bb5 Nf6 4. Nc3 Qc7 5. 0-0 Nd4 6. Re1 a6 7. Bf1 Ng4 8. g3 Nxf3+ 9. Qxf3 Ne5 10. Qg2 d6 11. f4 Nc6 12. Nd5 Qd8 13. b3 e6 14. Ne3 Bd7 15. Bb2 Qc7 16. f5 0-0-0 17. a4 h5 18. fxe6 fxe6 19. h3 Be7 20. Nc4 Na5 21. d4 Nxc4 22. Bxc4 cxd4 23. Bxd4 Bf6 24. c3 Bxd4+ 25. cxd4 Qb6 26. Rad1 Kb8 1/2-1/2

[Event "Berkeley op"]
[Site "Berkeley"]
[Date "2011.01.07"]
[Round "9"]
[White "Ris, Robert"]
[Black "Sandberg, Evan"]
[Result "1-0"]
[WhiteElo "2418"]
[BlackElo "2173"]
[PlyCount "53"]
[EventDate "2011.01.02"]
[EventType "swiss"]
[EventRounds "10"]
[EventCountry "USA"]
[SourceTitle "CBM 140 Extra"]
[Source "ChessBase"]
[SourceDate "2011.03.01"]
[SourceVersion "1"]
[SourceVersionDate "2011.03.01"]
[SourceQuality "1"]

1. d4 d5 2. c4 c6 3. Nf3 Nf6 4. e3 e6 5. b3 Nbd7 6. Bb2 Bd6 7. Bd3 0-0 8. 0-0 Qc7 9. Nc3 dxc4 10. bxc4 e5 11. Qc2 Re8 12. Ne4 Nxe4 13. Bxe4 h6 14. c5 Bf8 15. Nxe5 Nxe5 16. dxe5 Be6 17. f4 Qa5 18. Bd4 Rac8 19. f5 Bd7 20. e6 fxe6 21. f6 gxf6 22. Bh7+ Kh8 23. Bxf6+ Bg7 24. Bxg7+ Kxg7 25. Qg6+ Kh8 26. Bg8 Re7 27. Bf7 1-0

[Event "Berkeley op"]
[Site "Berkeley"]
[Date "2011.01.04"]
[Round "5"]
[White "Sandberg, Evan"]
[Black "Troff, Kayden W"]
[Result "0-1"]
[WhiteElo "2173"]
[BlackElo "2247"]
[PlyCount "68"]
[EventDate "2011.01.02"]
[EventType "swiss"]
[EventRounds "10"]
[EventCountry "USA"]
[SourceTitle "CBM 140 Extra"]
[Source "ChessBase"]
[SourceDate "2011.03.01"]
[SourceVersion "1"]
[SourceVersionDate "2011.03.01"]
[SourceQuality "1"]

1. e4 c5 2. Nf3 g6 3. Nc3 Bg7 4. g3 d6 5. d4 cxd4 6. Nxd4 Nc6 7. Be3 Nf6 8. h3 Bd7 9. Bg2 Rc8 10. Qe2 0-0 11. Rd1 Ne5 12. 0-0 Nc4 13. Bc1 Qb6 14. Nb3 Be6 15. Nd5 Bxd5 16. exd5 Nh5 17. Kh2 Nxb2 18. Rde1 Nc4 19. Qxe7 Ne5 20. Qh4 Rxc2 21. Bg5 Rxf2 22. Kh1 Rxa2 23. g4 Nf6 24. Rxf6 Qxb3 25. Ref1 Bxf6 26. Bxf6 Qb2 27. Qg3 Rc8 28. Rg1 Rc1 29. Rxc1 Qxc1+ 30. Kh2 Qb2 31. g5 Ra3 32. Qf4 Qe2 33. Qc1 Nf3+ 34. Kg3 Qe1+ 0-1

[Event "Berkeley op"]
[Site "Berkeley"]
[Date "2011.01.03"]
[Round "4"]
[White "Santic, Berislav"]
[Black "Sandberg, Evan"]
[Result "0-1"]
[WhiteElo "2259"]
[BlackElo "2173"]
[PlyCount "96"]
[EventDate "2011.01.02"]
[EventType "swiss"]
[EventRounds "10"]
[EventCountry "USA"]
[SourceTitle "CBM 140 Extra"]
[Source "ChessBase"]
[SourceDate "2011.03.01"]
[SourceVersion "1"]
[SourceVersionDate "2011.03.01"]
[SourceQuality "1"]

1. Nf3 d5 2. g3 Nf6 3. Bg2 c6 4. 0-0 Bg4 5. d3 Nbd7 6. c4 e6 7. b3 Bd6 8. Ba3 Bxa3 9. Nxa3 Qe7 10. Qc1 0-0 11. Nc2 a5 12. Ne3 Qd6 13. Qb2 Rfd8 14. a3 Bxf3 15. Bxf3 a4 16. b4 Ne5 17. Bg2 dxc4 18. dxc4 Qd4 19. Qxd4 Rxd4 20. Rfc1 Rad8 21. h3 Ne4 22. Bxe4 Rxe4 23. Rc3 Red4 24. f4 Ng6 25. Kf2 h5 26. Kf3 h4 27. Nc2 Rd1 28. Rxd1 Rxd1 29. Ne3 Rb1 30. gxh4 Rb3 31. Rd3 e5 32. Ng2 f5 33. Ke3 exf4+ 34. Kd4 Rb2 35. h5 Rxe2 36. hxg6 Rxg2 37. Kc5 Rxg6 38. Kb6 Rg3 39. Rd8+ Kf7 40. Kxb7 Rxa3 41. Kxc6 Rb3 42. b5 a3 43. b6 f3 44. b7 a2 45. Rd7+ Kg6 46. Rd3 Rxb7 47. Kxb7 a1Q 48. Rd6+ Kh7 0-1

[Event "Berkeley op"]
[Site "Berkeley"]
[Date "2011.01.02"]
[Round "1"]
[White "Sandberg, Evan"]
[Black "Naroditsky, Daniel"]
[Result "0-1"]
[WhiteElo "2173"]
[BlackElo "2419"]
[PlyCount "54"]
[EventDate "2011.01.02"]
[EventType "swiss"]
[EventRounds "10"]
[EventCountry "USA"]
[SourceTitle "CBM 140 Extra"]
[Source "ChessBase"]
[SourceDate "2011.03.01"]
[SourceVersion "1"]
[SourceVersionDate "2011.03.01"]
[SourceQuality "1"]

1. e4 c5 2. Nf3 d6 3. d4 cxd4 4. Nxd4 Nf6 5. Nc3 a6 6. Bg5 e6 7. f4 Be7 8. Qf3 h6 9. Qh3 0-0 10. e5 hxg5 11. exf6 Bxf6 12. 0-0-0 gxf4 13. g3 Qb6 14. Bd3 g6 15. Nf3 Qe3+ 16. Nd2 Bxc3 17. bxc3 f3 18. Rde1 Qg5 19. g4 Nc6 20. Qxf3 Ne5 21. Rxe5 Qxe5 22. g5 Bd7 23. Rf1 d5 24. h4 Rac8 25. Rg1 Qxc3 26. h5 Bb5 27. Nb1 Qxd3 0-1

[Event "San Francisco TNM Winter op"]
[Site "San Francisco"]
[Date "2010.02.02"]
[Round "5"]
[White "Sandberg, Evan"]
[Black "Ramachandran, Jayakrishnan"]
[Result "1-0"]
[WhiteElo "2119"]
[BlackElo "1945"]
[PlyCount "37"]
[EventDate "2010.01.05"]
[EventType "swiss"]
[EventRounds "8"]
[EventCountry "USA"]
[SourceTitle "EXT 2012"]
[Source "ChessBase"]
[SourceDate "2011.11.24"]
[SourceVersion "1"]
[SourceVersionDate "2011.11.24"]
[SourceQuality "1"]

1. e4 e5 2. Nf3 Nc6 3. Bb5 a6 4. Ba4 Nf6 5. d4 Nxe4 6. Qe2 f5 7. d5 Qe7 8. dxc6 Qb4+ 9. Nc3 Nxc3 10. cxd7+ Bxd7 11. Qxe5+ Be7 12. Bxd7+ Kxd7 13. Qxc3 Qe4+ 14. Be3 Bb4 15. 0-0-0+ Bd6 16. Qxg7+ Kc6 17. Nd4+ Kb6 18. Nb3+ Kb5 19. Qd7+ 1-0

[Event "San Francisco TNM Fall op"]
[Site "San Francisco"]
[Date "2009.12.15"]
[Round "9"]
[White "Sandberg, Evan"]
[Black "Argishti, Dante"]
[Result "1-0"]
[WhiteElo "2095"]
[BlackElo "2032"]
[PlyCount "79"]
[EventDate "2009.10.20"]
[EventType "swiss"]
[EventRounds "9"]
[EventCountry "USA"]
[SourceTitle "EXT 2012"]
[Source "ChessBase"]
[SourceDate "2011.11.24"]
[SourceVersion "1"]
[SourceVersionDate "2011.11.24"]
[SourceQuality "1"]

1. e4 c5 2. Nf3 d6 3. d4 cxd4 4. Nxd4 Nf6 5. Nc3 a6 6. Bg5 e6 7. f4 Qb6 8. Qd2 Qxb2 9. Rb1 Qa3 10. f5 exf5 11. Bxf6 gxf6 12. Nd5 Qxa2 13. Qb4 Ra7 14. Bc4 a5 15. Nxf6+ Ke7 16. Nd5+ Ke8 17. Qb5+ Bd7 18. Bxa2 Bxb5 19. Nxb5 Ra6 20. Nbc7+ Kd7 21. Nxa6 Nxa6 22. Rxb7+ Kc8 23. Rxf7 Bh6 24. Ne7+ Kd8 25. Nc6+ Ke8 26. Ra7 Nc5 27. Ra8+ Kd7 28. Rxh8 Kxc6 29. exf5 Ne4 30. 0-0 Be3+ 31. Kh1 Nf6 32. Rf8 Bd4 33. c3 Be5 34. Re1 Nd7 35. Rc8+ Kb7 36. Rxe5 dxe5 37. Re8 Kc6 38. f6 e4 39. f7 e3 40. Rxe3 1-0

[Event "San Francisco TNM Fall op"]
[Site "San Francisco"]
[Date "2009.10.27"]
[Round "2"]
[White "Sandberg, Evan"]
[Black "Afkham Ebrahimi, Payam"]
[Result "1-0"]
[WhiteElo "2095"]
[BlackElo "1913"]
[PlyCount "65"]
[EventDate "2009.10.20"]
[EventType "swiss"]
[EventRounds "9"]
[EventCountry "USA"]
[SourceTitle "EXT 2012"]
[Source "ChessBase"]
[SourceDate "2011.11.24"]
[SourceVersion "1"]
[SourceVersionDate "2011.11.24"]
[SourceQuality "1"]

1. e4 d6 2. d4 Nf6 3. Nc3 g6 4. f4 Bg7 5. Nf3 0-0 6. e5 dxe5 7. fxe5 Nd5 8. Bc4 c6 9. 0-0 Bg4 10. h3 Nxc3 11. bxc3 Bxf3 12. Qxf3 e6 13. Ba3 Nd7 14. Bxf8 Qxf8 15. Bb3 Qe7 16. c4 Rf8 17. c3 Qd8 18. Bc2 Qc7 19. Rab1 Nb6 20. c5 Nd5 21. c4 Ne7 22. Qb3 Rb8 23. Qa3 Bh6 24. Rf3 b6 25. cxb6 axb6 26. Qd6 Qb7 27. Qb4 Bf8 28. Qd2 Qa6 29. Qf4 Qxc4 30. Bb3 Qb4 31. Qxf7+ Kh8 32. Kh1 Qxd4 33. Qf6+ 1-0

[Event "San Francisco TNM Fall op"]
[Site "San Francisco"]
[Date "2009.10.20"]
[Round "1"]
[White "Litowsky, Daniel"]
[Black "Sandberg, Evan"]
[Result "0-1"]
[WhiteElo "1700"]
[BlackElo "2095"]
[PlyCount "58"]
[EventDate "2009.10.20"]
[EventType "swiss"]
[EventRounds "9"]
[EventCountry "USA"]
[SourceTitle "EXT 2012"]
[Source "ChessBase"]
[SourceDate "2011.11.24"]
[SourceVersion "1"]
[SourceVersionDate "2011.11.24"]
[SourceQuality "1"]

1. e4 c5 2. Nc3 Nc6 3. Bc4 e6 4. a3 Nge7 5. d3 d5 6. Ba2 d4 7. Nce2 g6 8. Nf3 Bg7 9. 0-0 0-0 10. Ng3 Kh8 11. h3 Qc7 12. Bg5 f6 13. Bd2 Bd7 14. Qc1 f5 15. Bh6 f4 16. Bxg7+ Kxg7 17. Ne2 e5 18. c3 Qd6 19. cxd4 cxd4 20. Nh2 f3 21. Nxf3 Bxh3 22. Ng3 Rxf3 23. gxf3 Qf6 24. Kh2 Bxf1 25. Qxf1 Qxf3 26. Rc1 Rf8 27. Rc2 h5 28. Qg2 Qxd3 29. Nxh5+ Kh6 0-1

[Event "San Francisco TNM Summer op"]
[Site "San Francisco"]
[Date "2009.06.16"]
[Round "4"]
[White "Sandberg, Evan"]
[Black "Standen, Julian"]
[Result "1-0"]
[WhiteElo "2053"]
[BlackElo "1781"]
[PlyCount "105"]
[EventDate "2009.05.26"]
[EventType "swiss"]
[EventRounds "8"]
[EventCountry "USA"]
[SourceTitle "EXT 2012"]
[Source "ChessBase"]
[SourceDate "2011.11.24"]
[SourceVersion "1"]
[SourceVersionDate "2011.11.24"]
[SourceQuality "1"]

1. e4 c6 2. d4 d5 3. Nc3 dxe4 4. Nxe4 Nd7 5. Ng5 e6 6. N1f3 h6 7. Ne4 Ngf6 8. Bd3 Nxe4 9. Bxe4 Nf6 10. Bd3 c5 11. 0-0 Bd6 12. dxc5 Bxc5 13. Qe2 0-0 14. c3 Bd7 15. Bf4 Qe7 16. Rad1 Bc6 17. Ne5 Rac8 18. b4 Bb6 19. b5 Bd7 20. Nc4 Nd5 21. Bd6 Qg5 22. Qe4 f5 23. Qe5 Bc7 24. f4 Qf6 25. Qxf6 Rxf6 26. Be5 Rff8 27. Rb1 b6 28. Rb3 Rfd8 29. g3 Bxe5 30. fxe5 Rc5 31. Nd6 Rxc3 32. Rxc3 Nxc3 33. Rc1 Nd5 34. Bc4 Kf8 35. Bxd5 exd5 36. Rc7 Ke7 37. Rxa7 Ke6 38. Kf2 Be8 39. Nxe8 Rxe8 40. Rxg7 Kxe5 41. Rg6 d4 42. Rxb6 d3 43. Ke3 Rd8 44. Kd2 Kd4 45. Rxh6 Ra8 46. Ra6 Rh8 47. h4 Rg8 48. Rd6+ Kc5 49. Rxd3 Kxb5 50. Rf3 Kb4 51. Ke3 Ka3 52. Kf4+ Kxa2 53. Kxf5 1-0

[Event "San Francisco TNM Spring op"]
[Site "San Francisco"]
[Date "2009.04.21"]
[Round "6"]
[White "Shakhnazarov, Oleg"]
[Black "Sandberg, Evan"]
[Result "0-1"]
[WhiteElo "2178"]
[BlackElo "2009"]
[PlyCount "120"]
[EventDate "2009.03.16"]
[EventType "swiss"]
[EventRounds "8"]
[EventCountry "USA"]
[SourceTitle "EXT 2012"]
[Source "ChessBase"]
[SourceDate "2011.11.24"]
[SourceVersion "1"]
[SourceVersionDate "2011.11.24"]
[SourceQuality "1"]

1. d4 d5 2. Nf3 Nf6 3. Bf4 Bf5 4. Nbd2 c6 5. h3 Qb6 6. b3 e6 7. e3 Bb4 8. Be2 Ne4 9. 0-0 Nc3 10. Qe1 Bxc2 11. a3 Be7 12. b4 Ba4 13. Bd3 Bb5 14. Bxb5 Qxb5 15. Kh1 a5 16. bxa5 0-0 17. Bc7 Rc8 18. Bb6 Nd7 19. Nb1 Nxb6 20. Nxc3 Qxa5 21. Ne5 f6 22. Nd3 Na4 23. Rc1 Nxc3 24. Rxc3 Bxa3 25. Qd2 Bb4 26. Nxb4 Qxb4 27. Qc2 Ra3 28. Rxa3 Qxa3 29. Rb1 Rb8 30. Qd1 Qf8 31. Qg4 Qd6 32. Rb6 f5 33. Qd1 f4 34. Qd3 Qc7 35. Qb1 fxe3 36. fxe3 h6 37. Rb3 b5 38. Qg6 Qf7 39. Qc2 Qd7 40. Qc5 Ra8 41. Rb1 Rf8 42. Rc1 Qc7 43. Qxb5 cxb5 44. Rxc7 Rb8 45. Rc3 b4 46. Rb3 Kf7 47. Kg1 Ke7 48. Kf2 Kd6 49. Ke2 Kc6 50. Kd3 Kb5 51. Rb1 Ra8 52. Rb2 Ra3+ 53. Kd2 Rc3 54. h4 Rc7 55. Kd3 Ra7 56. h5 Rb7 57. g4 Kc6 58. Rc2+ Kd6 59. Rb2 Ke7 60. Re2 Kf6 0-1

[Event "San Francisco TNM Spring op"]
[Site "San Francisco"]
[Date "2009.04.14"]
[Round "5"]
[White "Sandberg, Evan"]
[Black "Manvelyan, Hayk"]
[Result "1-0"]
[WhiteElo "2009"]
[BlackElo "2035"]
[PlyCount "95"]
[EventDate "2009.03.16"]
[EventType "swiss"]
[EventRounds "8"]
[EventCountry "USA"]
[SourceTitle "EXT 2012"]
[Source "ChessBase"]
[SourceDate "2011.11.24"]
[SourceVersion "1"]
[SourceVersionDate "2011.11.24"]
[SourceQuality "1"]

1. e4 c6 2. d4 d5 3. Nc3 dxe4 4. Nxe4 Bf5 5. Ng3 Bg6 6. h4 h6 7. Nf3 Nd7 8. h5 Bh7 9. Bd3 Bxd3 10. Qxd3 Ngf6 11. Bd2 Qc7 12. 0-0-0 0-0-0 13. Ne4 e6 14. g3 Nxe4 15. Qxe4 Nf6 16. Qe2 Bd6 17. Kb1 Nd7 18. c4 b6 19. d5 exd5 20. cxd5 c5 21. Bc3 Rhg8 22. Nh4 Rde8 23. Qa6+ Kb8 24. Nf5 Be5 25. d6 Qc6 26. Ne7 Qe4+ 27. Ka1 Rxe7 28. dxe7 Bxc3 29. bxc3 Qxe7 30. Rhe1 Qf6 31. Qd3 Ne5 32. Qd6+ Qxd6 33. Rxd6 Kc7 34. Rdd1 Nc6 35. Rd5 Rd8 36. c4 Rd7 37. Re8 Nd8 38. Rg8 Ne6 39. Ra8 Rxd5 40. cxd5 Ng5 41. Rxa7+ Kd6 42. f4 Ne4 43. Rxf7 Nxg3 44. Rxg7 Nxh5 45. Rg6+ Kxd5 46. f5 Ke5 47. Rxb6 Kxf5 48. Rb5 1-0

[Event "San Francisco TNM Spring op"]
[Site "San Francisco"]
[Date "2009.04.07"]
[Round "4"]
[White "Sandberg, Evan"]
[Black "Margulis, Igor"]
[Result "1-0"]
[WhiteElo "2009"]
[BlackElo "2112"]
[PlyCount "89"]
[EventDate "2009.03.16"]
[EventType "swiss"]
[EventRounds "8"]
[EventCountry "USA"]
[SourceTitle "EXT 2012"]
[Source "ChessBase"]
[SourceDate "2011.11.24"]
[SourceVersion "1"]
[SourceVersionDate "2011.11.24"]
[SourceQuality "1"]

1. e4 g6 2. d4 Bg7 3. Nc3 d6 4. Nf3 a6 5. a4 b6 6. Be3 Bb7 7. Bd3 Nd7 8. 0-0 e6 9. Qe2 Ne7 10. Rfd1 h6 11. b4 0-0 12. Qd2 Kh7 13. Ne1 c5 14. bxc5 bxc5 15. dxc5 Nxc5 16. Rab1 Qc7 17. Bxc5 dxc5 18. Ne2 Nc6 19. c3 Ne5 20. f4 Nxd3 21. Qxd3 Rad8 22. Qc2 Rxd1 23. Rxd1 Rd8 24. Rxd8 Qxd8 25. Qd3 Qxd3 26. Nxd3 Bxe4 27. Nxc5 Bc2 28. Nd4 Bd1 29. a5 Bxd4+ 30. cxd4 Be2 31. Kf2 Bb5 32. Ke3 g5 33. g3 Kg6 34. Ne4 f6 35. d5 gxf4+ 36. gxf4 exd5 37. f5+ Kg7 38. Nd6 Bf1 39. Kd4 h5 40. Kxd5 h4 41. Ke6 h3 42. Ne8+ Kh6 43. Kxf6 Kh5 44. Nd6 Kg4 45. Kg7 1-0

[Event "San Francisco TNM Spring op"]
[Site "San Francisco"]
[Date "2009.03.17"]
[Round "2"]
[White "Sandberg, Evan"]
[Black "Standen, Julian"]
[Result "1/2-1/2"]
[WhiteElo "2009"]
[BlackElo "1791"]
[PlyCount "65"]
[EventDate "2009.03.16"]
[EventType "swiss"]
[EventRounds "8"]
[EventCountry "USA"]
[SourceTitle "EXT 2012"]
[Source "ChessBase"]
[SourceDate "2011.11.24"]
[SourceVersion "1"]
[SourceVersionDate "2011.11.24"]
[SourceQuality "1"]

1. e4 c6 2. d4 d5 3. f3 e6 4. Nc3 Bb4 5. Bf4 Ne7 6. Nge2 0-0 7. a3 Ba5 8. Qd3 Nd7 9. b4 Bc7 10. Bxc7 Qxc7 11. e5 a5 12. b5 c5 13. f4 cxd4 14. Nxd4 Nc5 15. Qg3 f6 16. Rb1 fxe5 17. fxe5 Nf5 18. Nxf5 Rxf5 19. b6 Qxe5+ 20. Qxe5 Rxe5+ 21. Kd2 Bd7 22. Bb5 Rf8 23. Rhf1 Ref5 24. Rxf5 Rxf5 25. Bxd7 Nxd7 26. Ke3 Ne5 27. Kd4 Nc4 28. Rb5 Kf8 29. a4 Ke7 30. Rc5 Rf4+ 31. Kd3 Rf7 32. Rc7+ Ke8 33. Rc8+ 1/2-1/2

[Event "San Francisco TNM Winter op"]
[Site "San Francisco"]
[Date "2009.01.27"]
[Round "4"]
[White "Shakhnazarov, Oleg"]
[Black "Sandberg, Evan"]
[Result "1-0"]
[WhiteElo "2163"]
[BlackElo "1998"]
[PlyCount "94"]
[EventDate "2009.01.06"]
[EventType "swiss"]
[EventRounds "8"]
[EventCountry "USA"]
[SourceTitle "EXT 2012"]
[Source "ChessBase"]
[SourceDate "2011.11.24"]
[SourceVersion "1"]
[SourceVersionDate "2011.11.24"]
[SourceQuality "1"]

1. e4 c5 2. Nc3 Nc6 3. Nf3 g6 4. d4 cxd4 5. Nxd4 Bg7 6. Be3 Nf6 7. f3 0-0 8. Bc4 Qb6 9. Ncb5 a6 10. Nf5 Qa5+ 11. Bd2 Qd8 12. Nbd4 gxf5 13. Nxf5 d5 14. Bd3 dxe4 15. fxe4 Bxf5 16. exf5 Ne5 17. Be2 Ne4 18. Be3 Qxd1+ 19. Rxd1 Nd6 20. 0-0 Nec4 21. Bg5 f6 22. Bc1 Ne5 23. Rd4 Ndf7 24. Rh4 Rac8 25. c3 Rfd8 26. Be3 Nd3 27. Bd4 Nfe5 28. Rh3 Nc5 29. b4 Ne4 30. Bd1 b5 31. Bb3+ Kh8 32. Re1 Ng5 33. Rg3 h6 34. h4 Nh7 35. Re4 Rf8 36. Rge3 Rcd8 37. g4 Nc6 38. Bc5 Rd7 39. a4 Rfd8 40. c4 bxc4 41. Bxc4 Rd1+ 42. Kf2 R8d2+ 43. Re2 Rxe2+ 44. Bxe2 Ra1 45. b5 axb5 46. axb5 Ne5 47. b6 Nd7 1-0

[Event "San Francisco TNM Winter op"]
[Site "San Francisco"]
[Date "2009.01.06"]
[Round "1"]
[White "Sandberg, Evan"]
[Black "Livschitz, Jennifer"]
[Result "1-0"]
[WhiteElo "1998"]
[BlackElo "1631"]
[PlyCount "107"]
[EventDate "2009.01.06"]
[EventType "swiss"]
[EventRounds "8"]
[EventCountry "USA"]
[SourceTitle "EXT 2012"]
[Source "ChessBase"]
[SourceDate "2011.11.24"]
[SourceVersion "1"]
[SourceVersionDate "2011.11.24"]
[SourceQuality "1"]

1. e4 e5 2. Nf3 Nc6 3. Bb5 a6 4. Ba4 Nf6 5. 0-0 Be7 6. Re1 b5 7. Bb3 0-0 8. a4 Bb7 9. c3 d6 10. d4 exd4 11. cxd4 Na5 12. Bc2 b4 13. Nbd2 c5 14. b3 Re8 15. Bb2 Bf8 16. Bd3 Rc8 17. d5 Nd7 18. Nc4 Nxc4 19. Bxc4 Nb6 20. Qd3 Nxc4 21. bxc4 f6 22. Kh1 Rb8 23. Ng1 Qd7 24. f4 Qg4 25. Ne2 Qg6 26. f5 Qf7 27. Nf4 Be7 28. Re3 Bd8 29. Rg3 Bc8 30. Qf3 b3 31. Nh5 g6 32. Nf4 g5 33. h4 h6 34. hxg5 hxg5 35. Ng6 Qg7 36. Rxg5 fxg5 37. Bxg7 Kxg7 38. Rb1 b2 39. g4 Bd7 40. Qe2 Bf6 41. Qc2 Rb4 42. e5 Bxe5 43. Nxe5 Rxe5 44. Rxb2 Bxa4 45. Qc3 a5 46. Re2 Kf6 47. Rxe5 dxe5 48. d6 Bc6+ 49. Kh2 a4 50. d7 Bxd7 51. Qd2 a3 52. Qd6+ Kf7 53. Qxd7+ Kf6 54. Qe6+ 1-0

[Event "San Francisco TNM Fall op"]
[Site "San Francisco"]
[Date "2008.11.11"]
[Round "5"]
[White "Manvelyan, Hayk"]
[Black "Sandberg, Evan"]
[Result "1/2-1/2"]
[WhiteElo "1874"]
[BlackElo "2051"]
[PlyCount "87"]
[EventDate "2008.10.14"]
[EventType "swiss"]
[EventRounds "10"]
[EventCountry "USA"]
[SourceTitle "EXT 2012"]
[Source "ChessBase"]
[SourceDate "2011.11.24"]
[SourceVersion "1"]
[SourceVersionDate "2011.11.24"]
[SourceQuality "1"]

1. e4 c5 2. Nc3 Nc6 3. g3 g6 4. Bg2 Bg7 5. d3 d6 6. f4 e6 7. Nf3 Nge7 8. 0-0 0-0 9. Rb1 Nd4 10. Be3 Nec6 11. Ne2 d5 12. c3 Nxf3+ 13. Bxf3 d4 14. Bf2 e5 15. Bg2 Kh8 16. fxe5 Bxe5 17. b4 cxb4 18. cxd4 Nxd4 19. Rxb4 Nc6 20. Rb1 Nd4 21. Nxd4 Bxd4 22. Rb4 Bxf2+ 23. Rxf2 a5 24. Rb5 Qd4 25. Rd5 Qb6 26. e5 Be6 27. Rd6 Qe3 28. Qe2 Qxe2 29. Rxe2 Rfd8 30. Bxb7 Rxd6 31. exd6 Rd8 32. d4 Rxd6 33. d5 Bd7 34. Kf2 Rb6 35. Bc8 Bxc8 36. Re8+ Kg7 37. Rxc8 Kf6 38. Ke3 Ke5 39. Rc5 a4 40. Ra5 Rb4 41. h4 Re4+ 42. Kf3 Rd4 43. Ke3 Re4+ 44. Kf3 1/2-1/2

[Event "San Francisco TNM Fall op"]
[Site "San Francisco"]
[Date "2008.10.14"]
[Round "1"]
[White "Sandberg, Evan"]
[Black "Chirila, Sergiu"]
[Result "1/2-1/2"]
[WhiteElo "2051"]
[BlackElo "1636"]
[PlyCount "89"]
[EventDate "2008.10.14"]
[EventType "swiss"]
[EventRounds "10"]
[EventCountry "USA"]
[SourceTitle "EXT 2012"]
[Source "ChessBase"]
[SourceDate "2011.11.24"]
[SourceVersion "1"]
[SourceVersionDate "2011.11.24"]
[SourceQuality "1"]

1. e4 c5 2. Nf3 e6 3. d4 cxd4 4. Nxd4 Nf6 5. Bd3 e5 6. Nf3 Be7 7. Nc3 Nc6 8. Bg5 Bb4 9. Bd2 d5 10. exd5 Nxd5 11. Be4 Nxc3 12. bxc3 Bc5 13. Bxc6+ bxc6 14. Nxe5 Ba6 15. Nd3 Bxd3 16. cxd3 Qxd3 17. Qe2+ Qxe2+ 18. Kxe2 0-0-0 19. Rhd1 Rhe8+ 20. Kf1 Rd3 21. Be1 Red8 22. Rxd3 Rxd3 23. Ke2 Rd7 24. Rd1 Rxd1 25. Kxd1 Kd7 26. Kc2 f6 27. Kd3 g6 28. Kc4 Bb6 29. f3 f5 30. h3 Ke6 31. Bg3 Kd7 32. Be5 Ke6 33. Bd4 Kd6 34. g3 Ke6 35. a4 Kd7 36. Bc5 Ke6 37. Kb4 Bxc5+ 38. Kxc5 Kd7 39. g4 fxg4 40. fxg4 Kc7 41. g5 Kd7 42. c4 Kc7 43. a5 Kd7 44. Kd4 Kd6 45. c5+ 1/2-1/2

[Event "San Francisco Chernev Memorial"]
[Site "San Francisco"]
[Date "2008.09.09"]
[Round "6"]
[White "Farzaneh Far, Ramin"]
[Black "Sandberg, Evan"]
[Result "0-1"]
[WhiteElo "1823"]
[BlackElo "1954"]
[PlyCount "60"]
[EventDate "2008.08.05"]
[EventType "swiss"]
[EventRounds "8"]
[EventCountry "USA"]
[SourceTitle "CBM 126 Extra"]
[Source "ChessBase"]
[SourceDate "2008.11.05"]
[SourceVersion "1"]
[SourceVersionDate "2008.11.05"]
[SourceQuality "1"]

1. e4 c5 2. Nf3 Nc6 3. d4 cxd4 4. Nxd4 g6 5. Be3 Bg7 6. Nc3 Nf6 7. Bc4 0-0 8. f3 Qb6 9. Bb3 Nxe4 10. Nd5 Qa5+ 11. c3 Nc5 12. Nxc6 dxc6 13. Nxe7+ Kh8 14. Bd4 Re8 15. Bxg7+ Kxg7 16. Qd4+ f6 17. 0-0 Rxe7 18. Rfe1 Rd7 19. Qe3 Qb6 20. Bc4 Na4 21. Bb3 Qxe3+ 22. Rxe3 Nc5 23. Bc4 b5 24. Bf1 Na4 25. b4 Nb6 26. Rae1 Nd5 27. Re6 Bb7 28. Kf2 Rad8 29. g3 Nxc3 30. Re7+ Kf8 0-1